banner koha

Fruteiras temperadas como alternativas para a agricultura de baixa renda na Zona da Mata, Minas Gerais [pessego, ameixa, nectarina, Brasil] (Registro n. 275331)

MARC details
000 -LÍDER
campo de controle de tamanho fixo 01135nac a22003497a 4500
001 - NÚMERO DE CONTROLE
campo de controle BR8206741
003 - IDENTIFICADOR DO NÚMERO DE CONTROLE
campo de controle BR-BrBNA
005 - DATA E HORÁRIO DA ÚLTIMA TRANSAÇÃO
campo de controle 20240105115548.0
008 - CAMPO DE DADOS FIXOS--INFORMAÇÃO GERAL
campo de controle de tamanho fixo 230509b bl.|||m| |||| 00| 0 por d
040 ## - FONTE DA CATALOGAÇÃO
Instituição da catalogação original BR-BrBNA
Idioma da catalogação por
Instituição que transcreveu o registro Biblioteca Nacional de Agricultura
072 ## - CÓDIGO DE CATEGORIA DE ASSUNTO
Código de Categoria de Assunto E15; F00
090 ## - NÚMERO DE CHAMADA LOCAL
Número de chamada 0716 BR8206741
100 1# - ENTRADA PRINCIPAL--NOME PESSOAL
Nome pessoal Rocha, D.M. da
100 1# - ENTRADA PRINCIPAL--NOME PESSOAL
Nome pessoal Rigueira, F.L.
100 1# - ENTRADA PRINCIPAL--NOME PESSOAL
Nome pessoal Teixeira, S.M.
100 1# - ENTRADA PRINCIPAL--NOME PESSOAL
Nome pessoal Fortes, J.M.
110 1# - ENTRADA PRINCIPAL--NOME CORPORATIVO
Nome corporativo ou nome da jurisdição Universidade Federal de Vicosa, MG (Brasil). Conselho de Extensao
9 (RLIN) 10969
245 1# - TÍTULO
Título Fruteiras temperadas como alternativas para a agricultura de baixa renda na Zona da Mata, Minas Gerais [pessego, ameixa, nectarina, Brasil]
260 3# - PUBLICAÇÃO, DISTRIBUIÇÃO, ETC.
Local de publicação, distribuição, etc. Vicosa, MG (Brasil):
Data da publicação, distribuição, etc. 1982.
300 ## - DESCRIÇÃO FÍSICA
Extensão 8 p.
490 ## - TÍTULO DA SÉRIE
Título da série Informe Tecnico - Universidade Federal de Vicosa. Conselho de Extensao (Brazil)
Número do volume ou designação sequencial da série no. 22
ISSN - International Standard Serial Number
500 ## - NOTA GERAL
Nota geral 6 ref.
650 ## - ASSUNTO--TERMO TÓPICO
Cabeçalho tópico ou nome geográfico PESSEGO
650 ## - ASSUNTO--TERMO TÓPICO
Cabeçalho tópico ou nome geográfico AMEIXA
650 ## - ASSUNTO--TERMO TÓPICO
Cabeçalho tópico ou nome geográfico NECTARINA
650 ## - ASSUNTO--TERMO TÓPICO
Cabeçalho tópico ou nome geográfico PRODUTIVIDADE
650 ## - ASSUNTO--TERMO TÓPICO
Cabeçalho tópico ou nome geográfico BAIXA RENDA
650 ## - ASSUNTO--TERMO TÓPICO
Cabeçalho tópico ou nome geográfico ZONA DA MATA
650 ## - ASSUNTO--TERMO TÓPICO
Cabeçalho tópico ou nome geográfico MINAS GERAIS
909 ## -
-- 202312
-- Lúcia Elande
-- 55
-- Lúcia Elande
942 ## - ELEMENTOS DE ENTRADA ADICIONADOS (KOHA)
Fonte da classificação ou esquema de arquivamento na estante Classificação AGRIS
Ocultar no OPAC Não
Tipo de material Koha Monografia Seriada
Exemplares
Situação do descarte Fonte da classificação ou esquema de arquivamento na estante Situação física Não pode ser emprestado Coleção Biblioteca de origem Biblioteca atual Localização na estante Total de empréstimos Número de telefone completo Código de barras Data de último acesso Tipo de material Koha Fonte de aquisição
  Classificação AGRIS       Biblioteca Nacional de Agricultura - Binagri Biblioteca Nacional de Agricultura - Binagri Agrobase - Acervo Geral   0716 BR8206741 0716 BR8206741 18/12/2023 Monografia Seriada Portaria Interministerial nº 164/94

BINAGRI

Telefone: (61)3218-2567/2388/3357/2097 - binagri@agro.gov.br

Ministério da Agricultura e Pecuária , Esplanada dos Ministérios, Bloco D, Anexo B, Brasília/DF, CEP: 70.043-900